00982nam a2200253 i 4500001001000000003000900010005001700019007000300036008004100039040003000080082003000110100003700140245004200177250001200219264004200231300002800273336002700301337003300328338002800361505011400389600007200503650009000575651006300665000049219DO-SdBNP20260321073644.0ta190726s1989 dr 000 j spa d aDO-SdBNPbspacBNPHUerda 4a364.1323bB742f, 19892221 a Bosch, Juan, d1909-2001eautor13aLa fortuna de Trujillo /cJuan Bosch. a3a. ed. aSanto Domingo :bAlfa y Omega,c1989. a117 páginas ;c23 cm. 2rdacontentatextobtxt 2rdamediaasin mediaciónbn 2rdacarrieravolumenbnc0 aDel libro Trujillo, causas de una tiranía sin ejemplo -- La fortuna de Trujillo -- Los negocios de Trujillo14aTrujillo Molina, Rafael Leónidas,d1891-1961xFinanzas personales 4aCorrupción políticazRepública DominicanaxHistoriayEra de Trujillo, 1930-1961 4aRepública DominicanaxPolítica y gobiernoy1930 - 1961